Κατάλογος Βιβλιοθηκών Mediterranean College

Community Design and the Culture of Cities / The Crossroad and the Wall (Record no. 2496)

MARC details
000 -LEADER
fixed length control field 01331cam a22001934a 4500
005 - ΗΜΕΡΟΜΗΝΙΑ ΚΑΙ ΩΡΑ ΤΕΛΕΥΤΑΙΑΣ ΕΝΗΜΕΡΩΣΗΣ
Πεδίο ελέγχου 20250605164043.0
008 - FIXED-LENGTH DATA ELEMENTS--GENERAL INFORMATION
Πεδίο ελέγχου σταθερού μήκους 250528s ||||||||||||||||||||||||d
035 ## - SYSTEM CONTROL NUMBER
System control number 17056
020 ## - ISBN
ISBN 521389798
040 ## - ΠΗΓΗ ΚΑΤΑΛΟΓΟΓΡΑΦΗΣΗΣ
Φορέας πρωτότυπης καταλογογράφησης MC Athens Campus Library
Γλώσσα καταλογογράφησης Ελληνικά, Μοντέρνα (1453-)
Modifying agency MC Athens Campus Library
Κανόνες περιγραφικής καταλογογράφησης AACR2
245 1# - ΤΙΤΛΟΣ ΚΑΙ ΔΗΛΩΣΗ ΥΠΕΥΘΥΝΟΤΗΤΑΣ
Τίτλος Community Design and the Culture of Cities / The Crossroad and the Wall
260 ## - PUBLICATION, DISTRIBUTION, ETC.
Name of publisher, distributor, etc. Cambridge University Press,
Date of publication, distribution, etc. 1993
300 ## - PHYSICAL DESCRIPTION
Extent 352
520 ## - SUMMARY, ETC.
Summary, etc. The audience for this book goes beyond designers and planners to include urban sociologists, anthropologists, historians, and political scientists. Acknowledgements, Prologue, Which Deals with Urban Problems Today and Community Design as a Profession and the Nature of Urban Form, Which Deals with the Systematic Nature of Urban Form and the Effects of Time Processes on Cities and the Built Environment and the Relationship between Size and Form, Which Deals with the Planning Components of Urban Form: Land Use and the Threat of Segregation and Homogeneity and Density and Its Importance for Urbanity and Distribution as a Means of Restoring an Urban Culture, Which Deals with the Lessons Learned from Traditional Settlements and their Applications to Community Design, Epilogue: An Agenda for Action, Notes, Index.
700 1# - ΠΡΟΣΘΕΤΗ ΑΝΑΓΡΑΦΗ--ΦΥΣΙΚΟ ΠΡΟΣΩΠΟ
Personal name Lozano Eduardo E
9 (RLIN) 3186
942 ## - ADDED ENTRY ELEMENTS (KOHA)
Koha item type Books
Holdings
Τύπος τεκμηρίου Βιβλιοθήκη Τρέχουσα τοποθεσία Barcode Αριθμός εισαγωγής Ημερομηνία απόκτησης Ταξιθετικό σύμβολο Αριθμός αντιτύπου Κατάσταση απόσυρσης Κατάσταση χαμένου Κατάσταση κατεστραμμένου Μη δανεισμός Σύνολο δανεισμών Ημερομηνία τελευταίας εμφάνισης Η τιμή ισχύει από
Books MC Athens Campus Library MC Athens Campus Library 9780000024954 7099 05/06/2025 307.1/216 LOZ 1           05/06/2025 05/06/2025

MC Athens Campus Library
Πατησίων 94 & Κοδριγκτώνος 13, 104 34
Πελλήνης 8 & Πατησίων 107, 112 51
Τ: +30 210 8899600

MC Thessaloniki Campus Library
Ίωνος Δραγούμη 21, 54625 | Ίωνος Δραγούμη 15, 54625
Τ: +30 2310 287779 – Τ: +30 2314 440300